000 00607nam a2200229Ia 4500
003 OSt
005 20221005124426.0
006 a|||||r|||| 00| 0
007 ta
008 221004b |||||||| |||| 00| 0 eng d
024 _a44266
037 _cTextual
040 _aCRL
_cCRL
_beng
041 _2eng
_aeng
082 _aO154:3M87:9, 111J7 under size
245 0 _aMunshi
_b His art and work
260 _c1957
650 _a ENGLISH LITERATURE
650 _aGUJRATI LITERATURE
942 _hO154:3M87:9, 111J7 under size
_cTEXL
_2cc
999 _c1050435
_d1050435